00966nam a2200229 a 450000100100000000500170001000800410002702000260006804000250009408200150011910000370013424501800017126000620035130000170041350000420043070000380047270000410051070000460055104900090059795201130060699900170071900001291020200929163111.0091118s1991 dr 001 0 spa d z0847736628/0847736636 aDO-SdBNPbspacBNPHU axxxbD278c1 aDe Hosto, Eugenio María92979810aCiencia de la Pedagogía :b(nociones e historia) /cEugenio María De Hosto; edición Julio César López, Vivian Quiles Calderín; prólogo Santos y Vargas, Leonides. aSan Juan :bInstituto de Cultura Puertorriqueña,c1991. av. ;c23 cm. aIncluye datos biográficos del autor1 aLópez, Julio Césareed.990281 aQuiles Calderín, Vivianeed.990271 aSantos y Vargas, Leonidesepról.929799 aBNPD 0010718PDaPDbPDcCTd2009-11-18iLF1l0oxxx D278cp12910-10r2020-06-25w2020-06-25yLFPDZNo se presta c12558d12558